000 00517nam a22001457a 4500
999 _c527986
_d527986
082 _a612
100 _aLodhi, Ghulam Mustafa
245 _aEffects of Stress on Testicular Steroidogenesis and Role of Antioxidant Supplementation /
_cDr. Ghulam Mustafa Lodhi.
260 _aIslamabad:
_bAMC - NUST,
_c2012.
300 _a200 p. : ill. ;
_c30cm.
942 _2ddc
_cTHE
650 _aPhysiology - Ph. D Thesis.
_919485
700 _aSup: Dr. Muhammad Aslam.
_919487